Sledovanie vplyvu adsorbentov na odstraňovanie heteroatómov z produktov termického krakovania plastového odpadu

Salvato in:
Dettagli Bibliografici
Autore principale: Zahorec, Jakub (Autore)
Altri autori: Vasilkovová, Božena (Relatore della tesi)
Natura: Manoscritto Libro
Lingua:slovacco
Pubblicazione: 2025
Soggetti:
Accesso online:http://is.stuba.sk/zp/portal_zp.pl?podrobnosti=176228
Tags: Aggiungi Tag
Nessun Tag, puoi essere il primo ad aggiungerne!!

MARC

LEADER 00000ntm a22000003a 4500
001 stuzp104866
003 SK-STU
005 20250628212059.2
007 ta
008 150427s2015----xo-----f-mn---000-0-slo-d
040 |a STU  |b slo 
041 0 |a slo 
100 1 |a Zahorec, Jakub  |u 048130  |4 aut  |U FCHPT Ústav organickej chémie, katalýzy a petrochémie  |T FCHPT Oddelenie organickej technológie, katalýzy a ropy  |X 121533  |U C8130  |Y 123  |7 121533 
242 0 1 |a Monitoring the effect of adsorbents on the removal of heteroatoms from thermal cracking products of plastic waste  |y eng 
245 1 0 |a Sledovanie vplyvu adsorbentov na odstraňovanie heteroatómov z produktov termického krakovania plastového odpadu 
260 |c 2025 
650 4 |a plasty  |2 slo 
650 4 |a recyklácia  |2 slo 
650 4 |a prísady v plastoch  |2 slo 
650 4 |a termické krakovanie  |2 slo 
650 4 |a heteroatómy  |2 slo 
650 4 |a adsorbenty  |2 slo 
650 4 |a plastics  |2 eng 
650 4 |a recycling  |2 eng 
650 4 |a additives  |2 eng 
650 4 |a cracking  |2 eng 
650 4 |a heteroatoms  |2 eng 
650 4 |a adsorbents  |2 eng 
700 1 |a Vasilkovová, Božena  |u 048130  |k Z1  |4 ths  |U FCHPT Ústav organickej chémie, katalýzy a petrochémie  |T FCHPT Oddelenie organickej technológie, katalýzy a ropy  |X 10122  |U C8130  |Y 123  |7 A000010122 
856 4 |u http://is.stuba.sk/zp/portal_zp.pl?podrobnosti=176228